000 00872cpcaa2200265 4500
001 mm 78005029
003 DLC
005 20260227111620.0
008 790105|||||||||||| eng
010 _amm 78005029
040 _aDLC
_cDLC
_edacs
_dDLC
072 7 _aR
_2lcmd
100 1 _aBaker, Robert,
_d1862-1943.
245 0 0 _aRobert Baker poems,
_f1942.
300 _a2
_fitems.
506 0 _aOpen to research.
520 8 _aPoems.
545 0 _aU.S. representative from New York.
546 _aCollection material in English.
580 _aForms part of: Miscellaneous Manuscripts collection.
650 0 _aPoetry.
656 7 _aRepresentatives, U.S. Congress
_zNew York (State)
_2itoamc
999 _c39677
_d39677